000 00338 a2200157 4500
001 159418
020 _a
040 _cMagnum
100 _aAbril
240 1 0 _aRevista recreio: mes de novembro
_lpor
245 1 0 _aRevista recreio: mes de novembro
362 0 _a1899
440 1 _aAbril
697 _aMAGNITO: IJ/GERAL
942 _cBK
999 _c159418
_d159418